000
00257nam a2200109 a 4500
005
20140414093837.0
008
030528s19uu xx 00 eng d
050
_a
VHS 800
_b
OR 20
245
_a
The muppet christmas carol.
942
_c
AVM
999
_c
109096
_d
109096